000 00670nam a2200217Ia 4500
005 20250508170047.0
008 008 250505s9999 xx 000 0 eng d
020 _a978-0-8153-4846-7
037 _aReference
040 _aFEDL
_beng
_cFEDL
041 _aeng
_2eng
084 _a375, WEA/RR
_qFEDL
100 _aWearing Judy Ed.
_9782859
245 0 _aKey concepts in curriculum studies: Perspectives on the fundamentals
260 _aLondon, UK
_bRoutledge
_c2020
300 _a241p.
365 _aGBP
_b35.99
700 _a Ingersoll Marcea Ed. Bolden Benjamin and others Ed.
_9782860
942 _cREF
_h375, WEA/RR
999 _c1399000
_d1399000